El acceso de documentos pb︢licos a los registros espaǫles

Bibliographic Details
Main Author: Sǹchez Moreno, Mara̕ de los Reyes
Format: eBook
Language:Spanish
Published: Barcelona: La Jurd̕ica, 2019
Subjects:
Online Access:Acceso restringido

MARC

LEADER 00000nam a22000007a 4500
005 20190809020240.0
007 cr|||| ||||
008 190809s2019 es |||||s|||| 00||0 spa d
020 |a 978-84-949479-7-1 
035 |a 24005 
040 |a vLex 
090 |c 9142  |d 9142 
100 1 |a Sǹchez Moreno, Mara̕ de los Reyes 
245 1 2 |a El acceso de documentos pb︢licos a los registros espaǫles  |h [Recurso electrn̤ico] /  |c Mara̕ de los Reyes Sǹchez Moreno 
256 |a Servicio en ln̕ea 
260 |a Barcelona:  |b La Jurd̕ica,  |c 2019 
300 |a 1 recurso electrn̤ico 
506 1 |a Disponible solo en los productos indicados  |d vLex Global  |d vLex Global (Academic Edition, excluding Law Schools)  |d vLex Global (U.S. Academic Edition, Law Schools)  |d vLex Global (U.S. Academic Edition, excluding Law Schools)  |d vLex Global (Academic Edition, Law Schools) 
650 0 4 |a Derecho Pb︢lico y Administrativo  |z Espaą 
740 0 |a vLex Libros (Servicio en ln̕ea) 
856 4 0 |u http://vlex.com/source/acceso-documentos-publicos-registros-espa-oles-24005  |z Acceso restringido 
942 |c BOOK 
999 0 |a Public and Administrative Law